|
|
|
|
| LEADER |
01104nam a22002657a 4500 |
| 001 |
AAL340 |
| 003 |
BD-DhAAL |
| 005 |
20151228202832.0 |
| 008 |
151228s 1991caua|||| b||| 00| 0 eng d |
| 020 |
|
|
|a 1558151850
|
| 040 |
|
|
|a BD-DhAAL
|c BD-DhAAL
|
| 082 |
|
|
|a 338.9
|
| 100 |
|
|
|a Psacharopoulos, George
|9 17014
|
| 245 |
|
|
|a The economic impact of education :
|b lessons for policy makers /
|c George Psacharopoulos
|
| 260 |
|
|
|a San Francisco :
|b ICB Press,
|c 1991.
|
| 300 |
|
|
|a 23 p. :
|b ill. ;
|c 23 cm.
|
| 504 |
|
|
|6 Includes bibliography.
|
| 541 |
|
|
|e 340
|
| 650 |
|
|
|a Economic development
|x Effect of education on.
|9 17015
|
| 650 |
|
|
|a Education
|x Economic aspects.
|9 17016
|
| 650 |
|
|
|a Education
|x Finance.
|9 17017
|
| 942 |
|
|
|2 ddc
|c BK
|
| 999 |
|
|
|c 36460
|d 36460
|
| 952 |
|
|
|0 0
|1 0
|2 ddc
|4 0
|6 338_900000000000000_PSA
|7 0
|9 57402
|a SCL
|b SCL
|c GEN
|d 2015-12-28
|e Gift: The Asia Foundation
|l 0
|o 338.9 PSA
|p 3020000340
|r 2015-12-28
|t 1
|w 2015-12-28
|y BK
|
| 952 |
|
|
|0 0
|1 0
|2 ddc
|4 0
|6 338_900000000000000_PSA
|7 0
|9 57403
|a SCL
|b SCL
|c GEN
|d 2015-12-28
|e Gift: The Asia Foundation
|l 0
|o 338.9 PSA
|p 3020000343
|r 2015-12-28
|t 2
|w 2015-12-28
|y BK
|